书目信息 |
| 题名: |
俄罗斯汉学的基本方向及其问题
|
|
| 作者: | 玛玛耶娃 主编 ;李志强 , 张冰 译 | |
| 分册: | ||
| 出版信息: | 北京 北京大学出版社 2018 |
|
| 页数: | 375页 | |
| 开本: | 23cm | |
| 丛书名: | 四川大学当代俄罗斯研究中心学术译丛 | |
| 单 册: | ||
| 中图分类: | K207.8 | |
| 科图分类: | ||
| 主题词: | 汉学--俄罗斯 | |
| 电子资源: | ||
| ISBN: | 978-7-301-28833-7 | |
| 000 | 01275oam2 2200289 450 | |
| 001 | 012001000785 | |
| 005 | 20140920091302.0 | |
| 010 | @a978-7-301-28833-7@dCNY65.00 | |
| 100 | @a20180612d2018 em y0chiy50 ea | |
| 101 | 1 | @achi@crus |
| 102 | @aCN@b110000 | |
| 105 | @ay z 000yy | |
| 106 | @ar | |
| 200 | 1 | @a俄罗斯汉学的基本方向及其问题@9E Luo Si Han Xue De Ji Ben Fang Xiang Ji Qi Wen Ti@f(俄)H.Л. 玛玛耶娃主编@g李志强,张冰等译 |
| 210 | @a北京@c北京大学出版社@d2018 | |
| 215 | @a375页@d23cm | |
| 225 | 1 | @a四川大学当代俄罗斯研究中心学术译丛 |
| 300 | @a俄罗斯汉学文库 “十二五”国家重点图书出版规划项目 北京外国语大学中国文化走出去协同创新中心2017年度后期资助项目 四川大学中央高校基本科研业务费资助 | |
| 330 | @a本书分章节从不同角度描绘了俄罗斯汉学在后苏联时代至今的新的发展,涉及的主要问题包括中俄政治体系、法律、经济现状和经济改革的对比;俄国学者眼中的中国哲学传统、文化和教育特点;中国的发展模式和现代化问题等。 | |
| 461 | 0 | @12001 @a四川大学当代俄罗斯研究中心学术译丛 |
| 606 | 0 | @a汉学@y俄罗斯 |
| 690 | @aK207.8@v5 | |
| 701 | 0 | @c(俄)@a玛玛耶娃@9Ma Ma Ye Wa@c(Мамаева, Н.Л.@f1945-)@4主编 |
| 702 | 0 | @a李志强@9Li Zhi Qiang@4译 |
| 702 | 0 | @a张冰@9Zhang Bing@4译 |
| 801 | 0 | @aCN@b上海新华@c20180901 |
| 905 | @b1042245-49@dK207.8@e138@f5 | |
| 俄罗斯汉学的基本方向及其问题/(俄)H.Л. 玛玛耶娃主编/李志强,张冰等译.-北京:北京大学出版社,2018 |
| 375页;23cm.-(四川大学当代俄罗斯研究中心学术译丛) |
| 俄罗斯汉学文库 “十二五”国家重点图书出版规划项目 北京外国语大学中国文化走出去协同创新中心2017年度后期资助项目 四川大学中央高校基本科研业务费资助 |
| ISBN 978-7-301-28833-7:CNY65.00 |
| 本书分章节从不同角度描绘了俄罗斯汉学在后苏联时代至今的新的发展,涉及的主要问题包括中俄政治体系、法律、经济现状和经济改革的对比;俄国学者眼中的中国哲学传统、文化和教育特点;中国的发展模式和现代化问题等。 |
| ● |
| 相关链接 |
|
|
|
|
正题名:俄罗斯汉学的基本方向及其问题
索取号:K207.8/138
 
预约/预借
| 序号 | 登录号 | 条形码 | 馆藏地/架位号 | 状态 | 备注 |
| 1 | 1042245 | 210422452 | 第二样本阅览室/ [索取号:K207.8/138] | 在馆 | |
| 2 | 1042246 | 210422461 | 密集书库-史法系/ [索取号:K207.8/138] | 在馆 | |
| 3 | 1042247 | 210422470 | 第二借阅区/ [索取号:K207.8/138] | 在馆 | |
| 4 | 1042248 | 210422489 | 第二借阅区/ [索取号:K207.8/138] | 在馆 | |
| 5 | 1042249 | 210422498 | 第二借阅区/ [索取号:K207.8/138] | 在馆 |